000 00875ntm a22003257a 4500
005 20260225115809.0
008 170314b2011 xxu||||| |||| 00| 0 spa d
020 _a9786074815313
041 _aESP
082 _a658.8 H768e
100 _aHoms, Ricardo
_941183
245 _aLa esencia de la estrategia de marketing: la estrategia a partir del consumidor
260 _aMéxico
260 _bCengage
260 _c2011
300 _a192 páginas
490 _aDirección y Administración de Empresas
650 _aGERENCIA DE MERCADO
650 _aMARKETING
650 _aMERCADOTECNIA
650 _aPRECIO
650 _aGLOBALIZACIÓN
650 _aCONSUMIDOR
650 _aMARCAS DE PRODUCTO
650 _aPOSICIONAMIENTO
650 _aARQUITECTURA DE LA MARCA
650 _aGLOBALIZACIÓN DE MARCAS
650 _aESTRATEGIAS
942 _cBK
_2ddc
999 _c9036
_d9036